The sector on a quadrant (Record no. 113392)

MARC details
000 -LEADER
fixed length control field 01708cam a22002295a 4500
001 - CONTROL NUMBER
control field L155203
008 - FIXED-LENGTH DATA ELEMENTS--GENERAL INFORMATION
fixed length control field 120312s1658 xxk f 000 0 eng d
035 ## - SYSTEM CONTROL NUMBER
System control number (Sirsi) u155203
041 0# - LANGUAGE CODE
Language code of text/sound track or separate title eng
100 1# - MAIN ENTRY--PERSONAL NAME
Personal name Collins, John
Dates associated with a name 1625-1683
245 04 - TITLE STATEMENT
Title The sector on a quadrant
Remainder of title or, a treatise containing the description and use of three several quadrants; each rendred many ways both general and particular. Accomodated for dyalling, for the resolving of all proportions instrumentally, and for the ready finding the hour and azimuth universally, in the equal limb. Of great use to seamen, and practitioners in the mathematiques. Written by John Collins, accountant, and student in the mathematiques. Also, an appendix touching reflected dyalling, from a glass however posited. With large cuts of each quadrant, printed from the original plates graved by Henry Sutton, either loose, or pasted upon boards
260 ## - PUBLICATION, DISTRIBUTION, ETC.
Place of publication, distribution, etc. [London]
Name of publisher, distributor, etc. To be sold by George Hurlock book-seller at Magnus Corner, by William Fisher at the Postern near Tower-Hill, and by Henry Sutton mathematical instrument maker, at his house in Thredneedle street behind the Exchange. London, printed by J. Macock
Date of publication, distribution, etc. anno 1658
300 ## - PHYSICAL DESCRIPTION
Extent [16], 284; [2], 54, [8]; [2], 26 p.
Dimensions 4o
520 ## - SUMMARY, ETC.
Summary, etc. Lacks title page. Also contains "Description and uses of a general quadrant, with the horizontal projection, upon it inverted".
583 ## - ACTION NOTE
Action Condition reviewed
Time/date of action 20120620
Status condition level 4
583 ## - ACTION NOTE
Action Sent for conservation
Time/date of action 20130129
Action agent Elizabeth Neville
651 #4 - SUBJECT ADDED ENTRY--GEOGRAPHIC NAME
Geographic name Great Britain
Chronological subdivision 1707-
690 ## - LOCAL SUBJECT ADDED ENTRY--TOPICAL TERM (OCLC, RLIN)
Topical term or geographic name as entry element Measurement
9 (RLIN) 6256
700 1# - ADDED ENTRY--PERSONAL NAME
Personal name Lyon, John
Titles and other words associated with a name professor of mathematics
700 1# - ADDED ENTRY--PERSONAL NAME
Personal name Sutton, Henry
Titles and other words associated with a name mathematical instrument maker
942 ## - ADDED ENTRY ELEMENTS (KOHA)
Suppress in OPAC 0
Holdings
Withdrawn status Lost status Source of classification or shelving scheme Damaged status Not for loan Home library Current library Shelving location Date acquired Total Checkouts Full call number Barcode Date last seen Copy number Price effective from Koha item type
    Dewey Decimal Classification     Historic collection Historic collection Historic collection 12/03/2012   OCTAVO 1658 COLLINS 30077867 06/08/2019 1 06/08/2019 Book